Statistics for 20 Lowest Social Progress Index Score

Click here to take the quiz!

General Stats

  • This quiz has been taken 19 times
  • The average score is 10 of 20

Answer Stats

SPICountry% Correct
40.56Niger
78%
41.04Ethiopia
72%
20North Korea
61%
40.3Yemen
61%
35.4Afghanistan
56%
33.17Chad
56%
46.51Mali
56%
43.31Nigeria
56%
31.42Central African Republic
50%
39.6Guinea
50%
45.85Mauritania
50%
42.02Mozambique
50%
40Angola
44%
44.89Liberia
44%
45.66Pakistan
44%
46.66Togo
39%
47.27Djibouti
33%
47.14Tanzania
33%
44.5Madagascar
22%
46.12Myanmar
22%

Score Distribution

Percentile by Number Answered

Percent of People with Each Score

Your Score History

You have not taken this quiz